Pravidlá financovania a finančná štruktúra podniku diplomová práca

Gespeichert in:
Bibliographische Detailangaben
1. Verfasser: Sotáková, Lucia
Körperschaft: Podnikovohospodárska fakulta EU so sídlom v Košiciach. Katedra účtovníctva a financií
Weitere Verfasser: Czillingová, Jana
Format: Buch
Sprache:Slowakisch
Veröffentlicht: Košice 2014
Tags: Tag hinzufügen
Keine Tags, Fügen Sie das erste Tag hinzu!

MARC

LEADER 00000nbm a2200000 4500
001 0191593
005 20170201085029.4
041 0 |a slo 
044 |a SK 
245 1 0 |a Pravidlá financovania a finančná štruktúra podniku  |b diplomová práca  |c Lucia Sotáková ; školiteľ: Jana Czillingová 
264 1 |a Košice  |c 2014 
300 |a 78 s. 
100 1 |a Sotáková, Lucia 
700 1 |a Czillingová, Jana 
710 2 |a Podnikovohospodárska fakulta EU so sídlom v Košiciach. Katedra účtovníctva a financií